Rituum qui olim apud romanos obtinuerunt succincta explicatio (Record no. 160692)

MARC details
000 -LEADER
campo de control de longitud fija 01417nam a22003015i 4500
001 - NÚMERO DE CONTROL
campo de control 160692
003 - IDENTIFICADOR DE NÚMERO DE CONTROL
campo de control ES-MaACL
005 - FECHA Y HORA DE LA ÚLTIMA TRANSACCIÓN
campo de control 20250816234037.0
008 - DATOS DE LONGITUD FIJA--INFORMACIÓN GENERAL
campo de control de longitud fija 990618s1767 it f |||| | lat d
040 ## - FUENTE DE CATALOGACIÓN
Centro catalogador/agencia de origen CCPB | B
Lengua de catalogación spa
Centro/agencia transcriptor CCPB | B
100 1# - ENTRADA PRINCIPAL--NOMBRE DE PERSONA
Nombre de persona Nieupoort, Wilem Hendrik.
9 (RLIN) 130488
245 10 - MENCIÓN DEL TÍTULO
Título Rituum qui olim apud romanos obtinuerunt succincta explicatio
Resto del título : ad intelligentiam veterum auctorum facili methodo conscripta /
Mención de responsabilidad, etc. a G.H. Nieupoort.
250 ## - MENCION DE EDICION
Mención de edición Editio novissima
Resto de la mención de edición a pluribusa, que in ceters irreplerant, mendis, expurgata, atque aennis tabulis ilustrata Ciu praeter Cl. Joan Matthaei Gesneri, accendunt perpetuae Guil. Oth. Reizi, atquae ejus Fratris Joannis Friederci adnotationes.
260 ## - PUBLICACIÓN, DISTRIBUCIÓN, ETC.
Lugar de publicación, distribución, etc. In Typographia Bassanensi :
Nombre del editor, distribuidor, etc. sumptibus Remondinianis,
Fecha de publicación, distribución, etc. 1767.
300 ## - DESCRIPCIÓN FÍSICA
Extensión XXIV, 371, [1] h. de grab., [3] h. de lám. pleg. ;
Dimensiones 12º.
596 ## - NOTA AL PIE DE IMPRENTA
NOTA AL PIE DE IMPRENTA Marca tip. en port.
597 ## - NOTA DE DESCRIPCIÓN FÍSICA
NOTA DE DESCRIPCIÓN FÍSICA Sign.: *\p12\s, A-P\p12\s, Q\p6\s.
599 ## - NOTA A LAS ILUSTRACIONES
NOTA A LAS ILUSTRACIONES Láminas son grab. calc.
650 #7 - PUNTO DE ACCESO ADICIONAL DE MATERIA--TÉRMINO DE MATERIA
Término de materia o nombre geográfico como elemento de entrada Ritos y ceremonias-
Subdivisión geográfica Roma
Fuente del encabezamiento o término
9 (RLIN) 141755
651 #4 - PUNTO DE ACCESO ADICIONAL DE MATERIA--NOMBRE GEOGRÁFICO
Nombre geográfico Roma-
Subdivisión general Usos y costumbres.
9 (RLIN) 9321
700 1# - ENTRADA AGREGADA--NOMBRE PERSONAL
Nombre de persona Remondini, Giuseppe,
Fechas asociadas al nombre fl.1773-1811
9 (RLIN) 241383
700 1# - ENTRADA AGREGADA--NOMBRE PERSONAL
Nombre de persona Gesneri, Johann Mathias.
9 (RLIN) 127297
700 1# - ENTRADA AGREGADA--NOMBRE PERSONAL
Nombre de persona Reizius, Wielhem Otto.
9 (RLIN) 131682
700 1# - ENTRADA AGREGADA--NOMBRE PERSONAL
Nombre de persona Friderici, Johann.
9 (RLIN) 127150
752 ## - ENTRADA AGREGADA--NOMBRE JERÁRQUICO DEL LUGAR
País o entidad superior Italia -
Ciudad Bassano
852 ## - LOCALIZACIÓN
Ubicación ES-MaACL
Número de control de estantería R-494
Encuadernación Olim: D-461
Nota libre -- Enc. perg.
Holdings
Estatus retirado Estado de pérdida Estado de daño No para préstamo Colección Biblioteca de origen Biblioteca actual Ubicación en estantería Fecha de adquisición Fuente de adquisición Total de préstamos Signatura topográfica completa Código de barras Visto por última vez Precio de reemplazo Tipo de ítem Koha
        Libros del s. XVIII Biblioteca del Ateneo de Madrid Biblioteca del Ateneo de Madrid Depósito 17/01/2008     R-494 1168271 23/02/2023 23/02/2023 Libro impreso antiguo